000 00462nam a2200181Ia 4500
003 GCL
008 140319s9999 xx 000 0 eng d
040 _aGCL /
_cGCL
082 0 4 _a658.0072
_bC B
100 1 _aCOOPER, DONALD R.
245 1 0 _aBUSINESS RESEARCH METHODS /
_cCOOPER, DONALD R.
700 1 _aEMARY, WILLIAM
260 _a[S.N] :
_bIRWIN ،
_c1995
300 _a681 P
650 0 4 _aBUSINESS
650 0 4 _aINDUSTRIAL MANAGEMENT
942 _2ddc
_cBK
999 _c11636
_d11636